=LDR 00000nam 2200000 4500 =001 INLIS000000000013650 =005 20130612105017 =008 ***********************************Ind** =035 ##$$0010-061300000013650 =041 ##$$a Ind =082 ##$$a 658.02 =090 ##$$a 658.02, Kom m =100 ##$$a Komaruddin =245 ##$$a Manajemen permodalan perusahaan modern, Suatu pendekatan, Prof. Komaruddin =260 ##$$a 1991 $b Jakarta =300 ##$$a 299 hlm, 21 cm =650 ##$$a Manajemen perusahaan =850 ##$$a NBPNMAT